MARC

LEADER 00000nam0a2200000 4500
001 368398
005 20231102012059.0
035 |a (RuTPU)RU\TPU\retro\25762 
090 |a 368398 
100 |a 20220409d1909 m y0gery50 ba 
101 0 |a ger 
102 |a DE 
105 |a a z 000zy 
200 1 |a Das photographische Objektiv. Seine Beurteilung und Ausnutzung  |f A. Neumann, F. Staeble 
210 |a Leipzig  |c Ed. Liesegangs Verlag, M. Eger  |d 1909 
215 |a 152 s.  |c il. 
300 |a Раздельная пагинация страниц 
316 |5 63413507: 17//541  |a На форзаце надпись: «Заказ г. Михайленко» 
541 1 |a Фотографический объектив. Его характеристика и применение  |z ger 
606 1 |a Фотообъективы  |2 stltpush  |3 (RuTPU)RU\TPU\subj\64263  |9 81172 
610 1 |a фотообъективы 
610 1 |a оптические устройства 
610 1 |a фотокамеры 
610 1 |a фотоизображения 
610 1 |a тестирование 
610 1 |a оптические постоянные 
610 1 |a ошибки 
610 1 |a экспертиза 
610 1 |a использование 
610 1 |a немецкий язык 
610 1 |a Заказ господина Михайленко Я. И. 
675 |a 771.3  |v 3 
700 1 |a Neumann  |b A.  |g Alfred 
701 1 |a Staeble  |b F.  |g Franz 
801 1 |a RU  |b 63413507  |c 20220409 
801 2 |a RU  |b 63413507  |c 20220411  |g RCR 
942 |c BK